<?xml version="1.0" encoding="UTF-8"?>
<record
    xmlns:xsi="http://www.w3.org/2001/XMLSchema-instance"
    xsi:schemaLocation="http://www.loc.gov/MARC21/slim http://www.loc.gov/standards/marcxml/schema/MARC21slim.xsd"
    xmlns="http://www.loc.gov/MARC21/slim">

  <leader>00441nam a22001577a 4500</leader>
  <controlfield tag="005">20250408075709.0</controlfield>
  <controlfield tag="008">250408b        |||||||| |||| 00| 0 eng d</controlfield>
  <datafield tag="040" ind1=" " ind2=" ">
    <subfield code="c">               </subfield>
  </datafield>
  <datafield tag="100" ind1=" " ind2=" ">
    <subfield code="a">VERMA DR. RAJESH KUMAR</subfield>
    <subfield code="9">564</subfield>
  </datafield>
  <datafield tag="245" ind1=" " ind2=" ">
    <subfield code="a">ELECTRICITY AND MAGNETISM</subfield>
  </datafield>
  <datafield tag="250" ind1=" " ind2=" ">
    <subfield code="a">1ST</subfield>
  </datafield>
  <datafield tag="260" ind1=" " ind2=" ">
    <subfield code="a">DIBRUGARH</subfield>
    <subfield code="b">MAHAVEER PUBLICATION</subfield>
    <subfield code="c">14TH JAN, 2025</subfield>
  </datafield>
  <datafield tag="300" ind1=" " ind2=" ">
    <subfield code="a">389;P</subfield>
    <subfield code="c">23CM</subfield>
  </datafield>
  <datafield tag="700" ind1=" " ind2=" ">
    <subfield code="a">GANGWAR DR. PUSHPENDER KUMAR</subfield>
    <subfield code="9">565</subfield>
  </datafield>
  <datafield tag="942" ind1=" " ind2=" ">
    <subfield code="2">ddc</subfield>
    <subfield code="c">BK</subfield>
  </datafield>
  <datafield tag="999" ind1=" " ind2=" ">
    <subfield code="c">31346</subfield>
    <subfield code="d">31346</subfield>
  </datafield>
  <datafield tag="952" ind1=" " ind2=" ">
    <subfield code="0">0</subfield>
    <subfield code="1">0</subfield>
    <subfield code="2">ddc</subfield>
    <subfield code="4">0</subfield>
    <subfield code="7">0</subfield>
    <subfield code="8">TBPHY</subfield>
    <subfield code="a">MAIN</subfield>
    <subfield code="b">MAIN</subfield>
    <subfield code="c">PH#</subfield>
    <subfield code="d">2025-04-04</subfield>
    <subfield code="l">0</subfield>
    <subfield code="o">537 VER</subfield>
    <subfield code="p">50186</subfield>
    <subfield code="r">2025-04-08 07:57:54</subfield>
    <subfield code="w">2025-04-08</subfield>
    <subfield code="y">BK</subfield>
    <subfield code="z">V</subfield>
  </datafield>
  <datafield tag="952" ind1=" " ind2=" ">
    <subfield code="0">0</subfield>
    <subfield code="1">0</subfield>
    <subfield code="2">ddc</subfield>
    <subfield code="4">0</subfield>
    <subfield code="7">0</subfield>
    <subfield code="8">TBPHY</subfield>
    <subfield code="a">MAIN</subfield>
    <subfield code="b">MAIN</subfield>
    <subfield code="c">PH#</subfield>
    <subfield code="d">2025-04-04</subfield>
    <subfield code="l">0</subfield>
    <subfield code="o">537 VER</subfield>
    <subfield code="p">50187</subfield>
    <subfield code="r">2025-04-08 07:57:54</subfield>
    <subfield code="w">2025-04-08</subfield>
    <subfield code="y">BK</subfield>
    <subfield code="z">V</subfield>
  </datafield>
  <datafield tag="952" ind1=" " ind2=" ">
    <subfield code="0">0</subfield>
    <subfield code="1">0</subfield>
    <subfield code="2">ddc</subfield>
    <subfield code="4">0</subfield>
    <subfield code="7">0</subfield>
    <subfield code="8">TBPHY</subfield>
    <subfield code="a">MAIN</subfield>
    <subfield code="b">MAIN</subfield>
    <subfield code="c">PH#</subfield>
    <subfield code="d">2025-04-04</subfield>
    <subfield code="l">0</subfield>
    <subfield code="o">537 VER</subfield>
    <subfield code="p">50188</subfield>
    <subfield code="r">2025-04-08 07:57:54</subfield>
    <subfield code="w">2025-04-08</subfield>
    <subfield code="y">BK</subfield>
    <subfield code="z">V</subfield>
  </datafield>
</record>
